Le numéro des pilotes 2026 de F1 - Click Quiz - Statistiques

Statistiques générales
  • Ce quiz a été pris 50 fois
  • Le résultat moyen est 15 sur 22
Statistiques - réponses
Hint Réponse % Correct
Charles Leclerc 16
88%
Lando Norris 1
84%
Pierre Gasly 10
81%
Max Verstappen 3
81%
Lewis Hamilton 44
81%
Carlos Sainz 55
78%
Fernando Alonso 14
75%
Esteban Ocon 31
75%
George Russell 63
72%
Sergio Perez 11
69%
Lance Stroll 18
69%
Oscar Piastri 81
69%
Andrea Kimi Antonelli 12
66%
Alexander Albon 23
66%
Valtteri Bottas 77
66%
Isack Hadjar 6
63%
Nico Hülkenberg 27
56%
Gabriel Bortoleto 5
56%
Oliver Bearman 87
56%
Liam Lawson 30
50%
Arvid Lindblad 41
50%
Franco Colapinto 43
47%
Aucun quiz correspondant
Distribution des résultats
% des personnes avec chaque résultat
Percentile par nombre de réponses
Votre historique - résultats
Vous n’avez pas pris ce quiz